<?xml version="1.0" encoding="UTF-8"?>
<record
    xmlns:xsi="http://www.w3.org/2001/XMLSchema-instance"
    xsi:schemaLocation="http://www.loc.gov/MARC21/slim http://www.loc.gov/standards/marcxml/schema/MARC21slim.xsd"
    xmlns="http://www.loc.gov/MARC21/slim">

  <leader>00642nam a22002057a 4500</leader>
  <datafield tag="999" ind1=" " ind2=" ">
    <subfield code="c">7882</subfield>
    <subfield code="d">7882</subfield>
  </datafield>
  <controlfield tag="003">OSt</controlfield>
  <controlfield tag="005">20240319125636.0</controlfield>
  <controlfield tag="008">190529e201812  spca          |00 0bcat|d</controlfield>
  <datafield tag="020" ind1=" " ind2=" ">
    <subfield code="a">9788413035215</subfield>
  </datafield>
  <datafield tag="040" ind1=" " ind2=" ">
    <subfield code="a">CDMR</subfield>
    <subfield code="b">cat</subfield>
    <subfield code="c">CDMR</subfield>
  </datafield>
  <datafield tag="100" ind1="0" ind2=" ">
    <subfield code="a">Kap</subfield>
    <subfield code="9">1346</subfield>
  </datafield>
  <datafield tag="245" ind1="1" ind2="0">
    <subfield code="a">Shum</subfield>
    <subfield code="b">: el dibuixant de les mans trencades /</subfield>
    <subfield code="c">Jaume Capdevila &amp; KAP</subfield>
  </datafield>
  <datafield tag="260" ind1=" " ind2=" ">
    <subfield code="a">Lleida :</subfield>
    <subfield code="b">Pag&#xE8;s editors,</subfield>
    <subfield code="c">2024</subfield>
  </datafield>
  <datafield tag="300" ind1=" " ind2=" ">
    <subfield code="a">141 p. :</subfield>
    <subfield code="b">principalment il&#xB7;lustrades</subfield>
  </datafield>
  <datafield tag="490" ind1=" " ind2=" ">
    <subfield code="a">Doble tinta</subfield>
  </datafield>
  <datafield tag="600" ind1="0" ind2="4">
    <subfield code="a">Shum,</subfield>
    <subfield code="d">1897-1967</subfield>
  </datafield>
  <datafield tag="650" ind1="0" ind2="7">
    <subfield code="a">Humorisme gr&#xE0;fic</subfield>
    <subfield code="x">Hist&#xF2;ria</subfield>
    <subfield code="2">lemac</subfield>
    <subfield code="9">3162</subfield>
    <subfield code="z">Catalunya</subfield>
  </datafield>
  <datafield tag="650" ind1="0" ind2="7">
    <subfield code="a">Dibuixants</subfield>
    <subfield code="x">Hist&#xF2;ria</subfield>
    <subfield code="2">lemac</subfield>
    <subfield code="9">3384</subfield>
    <subfield code="z">Catalunya</subfield>
  </datafield>
  <datafield tag="942" ind1=" " ind2=" ">
    <subfield code="c">MON</subfield>
    <subfield code="2">udc</subfield>
  </datafield>
  <datafield tag="952" ind1=" " ind2=" ">
    <subfield code="0">0</subfield>
    <subfield code="1">0</subfield>
    <subfield code="4">0</subfield>
    <subfield code="7">0</subfield>
    <subfield code="a">CDMR</subfield>
    <subfield code="b">CDMR</subfield>
    <subfield code="d">2024-03-19</subfield>
    <subfield code="e">Donaci&#xF3;</subfield>
    <subfield code="g">19.00</subfield>
    <subfield code="l">1</subfield>
    <subfield code="o">Di 5/55</subfield>
    <subfield code="p">CDMR24030005</subfield>
    <subfield code="r">2024-05-29</subfield>
    <subfield code="s">2024-05-14</subfield>
    <subfield code="w">2024-03-19</subfield>
    <subfield code="y">MON</subfield>
  </datafield>
</record>
